| 000 | 00709nam a2200253 i 4500 | ||
|---|---|---|---|
| 001 | bg | ||
| 100 | 1 | _aMIELCZAREK, Wojciech | |
| 245 | 1 | 0 |
_aUrządzenia pomiarowe i systemy kompatybilne ze standardem SCPI / _cWojciech Mielczarek. |
| 260 |
_aWarszawa : _b"Helion", _c1999. |
||
| 300 |
_a366 s. : _brys. ; _c24 cm. |
||
| 504 | _aIndeks. | ||
| 650 | 9 |
_aKomputery _xstosowanie _xpomiary |
|
| 650 | 9 |
_aPomiary _xautomatyzacja |
|
| 650 | 9 | _aPrzyrządy pomiarowe | |
| 650 | 9 | _aSCPI | |
| 655 | _aPodręczniki | ||
| 020 | _a8371971702 | ||
| 040 | _cBPK | ||
| 041 | 0 | _apl | |
| 080 | _a621.317:004.3'144:004.438](07) | ||
| 920 | _a83-7197-170-2 | ||
| 942 | _cKS | ||
| 008 | s pl f |000 0 pol | ||
| 999 |
_c36349 _d36349 |
||